Japan's modern myth : The language and beyond

Enregistré dans:
Détails bibliographiques
Auteur principal: Miller, Roy Andrew
Format: Livre
Langue:Undetermined
Publié: New York Weatherhill 1982
Sujets:
Tags: Ajouter un tag
Pas de tags, Soyez le premier à ajouter un tag!
Thư viện lưu trữ: Trung tâm Học liệu Trường Đại học Cần Thơ
LEADER 00541nam a2200193Ia 4500
001 CTU_112041
008 210402s9999 xx 000 0 und d
082 |a 495.6 
082 |b M647 
100 |a Miller, Roy Andrew 
245 0 |a Japan's modern myth : 
245 4 |b The language and beyond 
245 0 |c Roy Andrew Miller 
260 |a New York 
260 |b Weatherhill 
260 |c 1982 
650 |a Japanese language,National characteristics, Japanese 
904 |i M.Loan 
980 |a Trung tâm Học liệu Trường Đại học Cần Thơ